| 000 | 00572nam a22001817a 4500 | ||
|---|---|---|---|
| 003 | CEME | ||
| 005 | 20210628204100.0 | ||
| 008 | 210125b xxu||||| |||| 00| 0 eng d | ||
| 020 | _a1-58488-364-2 | ||
| 040 | _c. | ||
| 082 | _a519.4 WHI | ||
| 100 |
_aWhite, Robert. E _968632 |
||
| 245 | _aComputational mathematics;models, methods, and analysis with matlab and mpi | ||
| 260 |
_aNEW YORK _bCHAPMAN & HALL _c2003 |
||
| 300 | _aXVI,385P | ||
| 650 |
_aNUMERICAL ANALYSIS, MATLAB, COMPUTER INTERFACE, PARALLEL PROGRAMMING COMPUTER SCEINCE. MPI _968633 |
||
| 942 |
_cBK _2ddc |
||
| 999 |
_c576155 _d576155 |
||